000 00244nam a2200109 4500
001 3558
090 _a3558
100 _a20190723b u||y0fre||u0ba y50
200 _aVictoire pour le Vietnam LMR
_bPériodique
210 _aGenève
801 _aCH
_bCH-002049-8
955 _r1971